[Event "17th Aeroflot Open-A 2019"]
[Site "Moscow"]
[Date "2019.02.21"]
[Round "2.14"]
[White "Murzin, Volodar"]
[Black "Chigaev, Maksim"]
[Result "0-1"]
[WhiteElo "2337"]
[BlackElo "2613"]
[Annotator "TA"]
[PlyCount "86"]
[EventDate "2019.02.19"]
[EventCountry "RUS"]
[SourceTitle "playchess.com"]
[Source "ChessBase"]
[SourceQuality "1"]

{[%evp 18,86,33,23,36,22,63,45,48,27,27,22,23,25,33,28,37,-2,18,-20,-14,-31,-29,-40,-35,-50,-51,-100,-78,-77,-84,-165,-170,-205,-219,-185,-162,-270,-281,-281,-277,-238,-156,-239,-239,-226,-218,-253,-250,-245,-237,-231,-242,-245,-160,-163,-156,-140,-92,-387,-404,-450,-438,-415,-411,-520,-499,-657,-629,-531,-449]} 1. e4 e5 2. Nf3 Nc6 3. Bb5 a6 4. Ba4 Nf6 5. d3 d6 6. c3 Bd7 7. O-O g6 8. Re1 Bg7 9. Nbd2 {[%cal Bb1d2,Bd2f1,Bf1g3][%mdl 32]} O-O 10. Nf1 Qe8 {C77: Ruy Lopez: 3...a6 4 Ba4 Nf6, unusual lines} 11. Ng3 (11. Bb3 Kh8 12. Ng3 Na5 13. Bc2 c5 14. d4 cxd4 15. cxd4 Qe7 16. b3 Nc6 17. Ba3 exd4 18. e5 Ne8 19. exd6 Qd8 20. Bd3 {0-1 (71) Tukhaev,A (2527)-Kamsky,G (2666) St Petersburg 2018}) 11... Kh8 12. Bc2 Ng8 {White is slightly better.} 13. d4 Bg4 14. d5 Nce7 15. h3 Bxf3 16. Qxf3 f5 17. exf5 gxf5 18. Nh5 $146 ({Of course not} 18. Nxf5 Nxf5 19. Bxf5 Ne7 $17) 18... Bh6 19. Bxh6 (19. c4 {with more complications.} Qf7 20. Ng3 f4 21. Ne2 Ng6 22. Nc3) 19... Nxh6 20. Ng3 Qf7 21. Rad1 Rg8 22. c4 Rg5 23. Kh1 Rag8 24. Rg1 {[#]} (24. Ne2 $17) 24... Ng6 $1 $19 25. Qc3 {[#]} Nh4 $1 26. c5 Qg7 27. b4 (27. cxd6 $142 cxd6 28. Rc1) 27... f4 28. Ne2 Nxg2 {And now ...Ne3! would win.} ({Less strong is} 28... Rxg2 29. Be4 $17) 29. Be4 Nf5 30. Bxg2 (30. Rc1 $17 {was called for.}) 30... Rxg2 31. Qf3 Rg6 32. Rxg6 Qxg6 ({Don't take} 32... hxg6 33. Nc3 $17) 33. Rg1 Nh4 34. Rxg6 Nxf3 {[%mdl 4096] Endgame KRN-KRN} 35. Rh6 Rg6 36. Rxg6 hxg6 $17 {KN-KN} 37. Nc3 Nd2 38. cxd6 $2 {[%mdl 8192]} (38. b5 $17 {is the only way for White.} axb5 39. cxd6 cxd6 40. Nxb5) 38... cxd6 $19 39. f3 Kg7 40. Kg2 Kf6 41. h4 Kf5 {Black is clearly winning.} 42. Na4 e4 43. fxe4+ Kxe4 {Accuracy: White = 27%, Black = 79%.} 0-1

[Event "17th Aeroflot Open-A 2019"]
[Site "Moscow"]
[Date "2019.02.21"]
[Round "2.15"]
[White "Wei, Yi"]
[Black "Fier, Alexandr"]
[Result "1-0"]
[WhiteElo "2733"]
[BlackElo "2561"]
[Annotator "ChessBase"]
[PlyCount "67"]
[EventDate "2019.02.19"]
[EventCountry "RUS"]
[SourceTitle "playchess.com"]
[Source "ChessBase"]
[SourceQuality "1"]
[TimeControl "40/5400+30:1800+30"]

1. e4 {[%emt 0:00:00]} c5 {[%emt 0:00:00]} 2. Nf3 {[%emt 0:00:00]} e6 {[%emt 0:00:00]} 3. d4 {[%emt 0:00:00]} cxd4 {[%emt 0:00:00]} 4. Nxd4 {[%emt 0:00:03]} Nf6 {[%emt 0:00:12]} 5. Nc3 {[%emt 0:00:10]} Nc6 {[%emt 0:00:05]} 6. Nxc6 {[%emt 0:03:18]} bxc6 {[%emt 0:00:06]} 7. e5 {[%emt 0:00:03]} Nd5 {[%emt 0:00:05]} 8. Ne4 {[%emt 0:00:04]} Qc7 {[%emt 0:00:53]} 9. f4 {[%emt 0:00:06]} Qb6 {[%emt 0:00:05]} 10. c4 {[%emt 0:00:50]} Bb4+ {[%emt 0:01:04]} 11. Ke2 {[%emt 0:00:04]} f5 {[%emt 0:00:08]} 12. exf6 {[%emt 0:00:08]} Nxf6 {[%emt 0:00:04]} 13. Be3 {[%emt 0:00:05]} Qd8 {[%emt 0:00:03]} 14. Nd6+ {[%emt 0:00:05]} Bxd6 {[%emt 0:00:03]} 15. Qxd6 {[%emt 0:00:06]} Bb7 {[%emt 0:00:03]} 16. Rd1 {[%emt 0:10:12]} Rc8 {[%emt 0:00:05]} 17. Rg1 {[%emt 0:01:34]} c5 {[%emt 0:00:05]} 18. g4 {[%emt 0:00:20]} Rc6 {[%emt 0:00:04]} 19. Qe5 {[%emt 0:01:06]} O-O {[%emt 0:00:06]} 20. g5 {[%emt 0:07:41]} Nh5 {[%emt 0:02:07]} 21. Bh3 {[%emt 0:00:06]} d6 {[%emt 0:00:04]} 22. Qxe6+ {[%emt 0:00:32]} Kh8 {[%emt 0:00:17]} 23. Rgf1 {[%emt 0:31:03]} Rb6 {[%emt 0:00:06]} 24. b3 {[%emt 0:06:43]} Ra6 {[%emt 0:00:07]} 25. Rd2 {[%emt 0:08:32]} d5 {[%emt 0:01:18]} 26. Qe5 {[%emt 0:00:19]} Re8 {[%emt 0:02:48]} 27. cxd5 {[%emt 0:00:06]} Rxe5 {[%emt 0:16:56]} 28. fxe5 {[%emt 0:00:03]} Bxd5 {[%emt 0:11:46]} 29. Bg2 {[%emt 0:04:38]} c4 {[%emt 0:32:55]} 30. Bxd5 {[%emt 0:05:29]} c3 {[%emt 0:00:02]} 31. Bb7 {[%emt 0:05:30]} cxd2 {[%emt 0:00:04]} 32. Bxa6 {[%emt 0:00:04]} Qe8 {[%emt 0:01:00]} 33. Bc4 {[%emt 0:00:58]} g6 {[%emt 0:01:26]} 34. e6 {[%emt 0:00:46]} 1-0

[Event "17th Aeroflot Open-A 2019"]
[Site "Moscow"]
[Date "2019.02.21"]
[Round "2.16"]
[White "Wang, Hao"]
[Black "Moroni, Luca Jr"]
[Result "1-0"]
[WhiteElo "2714"]
[BlackElo "2567"]
[Annotator "TA"]
[PlyCount "95"]
[EventDate "2019.02.19"]
[EventCountry "RUS"]
[SourceTitle "playchess.com"]
[Source "ChessBase"]
[SourceQuality "1"]

{[%evp 14,95,24,25,37,47,33,24,33,25,25,18,27,0,18,27,43,-16,72,63,91,72,50,33,56,73,64,47,45,56,43,12,71,64,64,68,68,54,57,46,47,25,30,37,33,35,60,26,77,16,50,22,56,54,61,61,88,84,161,161,148,142,166,157,154,167,138,131,271,264,345,339,307,274,29968,29968,29973,29974,29979,29980,29977,29976,29976,185]} 1. d4 d5 2. c4 e6 3. Nc3 Nf6 4. Nf3 c6 5. e3 Nbd7 6. Bd3 a6 7. e4 dxc4 8. Bxc4 c5 {D46: Semi-Slav: 5 e3 Nbd7 6 Bd3, Black avoids the Meran} (8... b5 9. Bd3 Bb7 10. e5 Nd5 11. Nxd5 cxd5 12. Ng5 Be7 13. h4 Qb6 14. Qg4 h6 15. Nf3 g6 16. Bd2 a5 17. O-O b4 {0-1 (36) Mamedyarov,S (2761)-Naiditsch,A (2684) Dortmund 2010}) 9. d5 exd5 10. Nxd5 Nxd5 {White has an edge.} 11. Qxd5 {[%csl Gc4][%cal Rd5f7]} Qe7 $1 12. Qd3 $146 ({Predecessor:} 12. Bg5 f6 13. Bf4 Nb6 14. Qd3 Nxc4 15. Qxc4 b5 16. Qe2 {½-½ (58) Danner,G (2345)-Karaklajic,N (2460) Reggio Emilia 1980}) 12... Nb6 13. Bb3 Be6 {Black wants to play ...c4.} 14. Bc2 g6 15. Bf4 (15. Qc3 $14 f6 16. Bf4) 15... Rd8 (15... Bg7 $1 $11 {keeps the balance.}) 16. Qc3 $16 f6 17. O-O Bg7 18. Bb3 {Threatens to win with Bxe6.} c4 19. Bc2 O-O 20. Rad1 Nc8 21. Qa5 Na7 22. Qb6 Nc6 {[#]} (22... Nc8 $1 $11 23. Qa5 Na7) 23. Ba4 $1 Rxd1 24. Rxd1 {And now Bd6 would win.} Rc8 25. Bd6 Qf7 26. h3 h6 $1 27. Bxc6 Rxc6 28. Qd8+ Kh7 29. Bb4 Qc7 30. Qd2 {Strongly threatening Nd4.} (30. a3 {is more complex.} f5 31. e5 g5 32. Qd4 Qf7 33. Qe3) 30... Qf7 (30... c3 $11 31. bxc3 (31. Bxc3 Bxa2 32. Ba5 Qf7 $11) 31... Bg8) 31. Ba5 ({White should play} 31. Nd4 $16 Rc7 32. Nxe6 Qxe6 33. Qd5 Qxd5 34. Rxd5 (34. exd5 Rd7 $11)) 31... Rc5 32. a3 Qe8 33. Bc3 Rc7 34. Qf4 $36 {[%mdl 2048] White is more active.} Qf7 35. Rd6 {Black must now prevent Rxe6!} Rd7 (35... Re7 $16) 36. Rxd7 $18 Bxd7 {[#]} 37. Ne5 $1 {[%cal Re5f7][%mdl 576] Pin} Qe6 (37... fxe5 38. Qxf7) 38. Nxd7 Qxd7 39. Bxf6 b5 40. e5 a5 (40... Qe6 $16 41. Bxg7 Kxg7) 41. Bxg7 Kxg7 {[%mdl 4096] Endgame KQ-KQ} 42. Qf6+ Kh7 43. Qd6 Qf5 $2 (43... Qe8 $18 44. Qc7+ Kg8) 44. e6 {White mates.} Qb1+ 45. Kh2 Qe4 46. Qe7+ Kh8 47. Qf8+ {[%mdl 64] Double Attack} Kh7 48. Qf7+ $2 {Accuracy: White = 63%, Black = 43%.} (48. e7 {mates} b4 49. Qf7+ Kh8 50. Qf8+ Kh7 51. axb4 axb4 52. Qf7+ Kh8 53. e8=Q+ Qxe8 54. Qxe8+ Kg7 55. Qe7+ Kh8 56. Qxb4) 1-0

[Event "17th Aeroflot Open-A 2019"]
[Site "Moscow"]
[Date "2019.02.21"]
[Round "2.17"]
[White "Santos Ruiz, Miguel"]
[Black "Dubov, Daniil"]
[Result "1/2-1/2"]
[WhiteElo "2554"]
[BlackElo "2703"]
[Annotator "TA"]
[PlyCount "206"]
[EventDate "2019.02.19"]
[EventCountry "RUS"]
[SourceTitle "playchess.com"]
[Source "ChessBase"]
[SourceQuality "1"]

{[%evp 13,206,-3,-3,-8,-2,-3,0,0,0,-1,0,-15,-9,-15,-8,-8,-8,0,25,19,33,31,33,-26,0,0,4,-26,-26,-26,-26,-26,-26,-26,-26,-26,-21,-36,-26,-26,-25,-24,-31,-25,-30,-48,-8,-32,-8,-8,-8,-6,-6,-13,-9,-54,-52,-56,-57,-45,-16,-22,-21,-44,-36,-41,-21,-41,-41,-41,-41,-41,-41,-41,-41,-41,-41,-41,-41,-41,-16,-16,-8,-8,0,0,0,-50,-50,-50,-49,-50,-50,-50,-50,-50,-50,-50,-50,-50,-50,-50,-50,-50,-50,-50,-50,-50,-50,-50,-50,-50,-50,-50,-50,-50,-50,-50,-50,-50,-50,-50,-50,-50,-50,-50,-50,-50,-50,-50,-50,-50,-50,-50,-50,-50,-8,-8,0,-8,0,0,0,0,0,0,0,0,0,0,0,0,0,0,0,0,0,0,0,0,0,0,0,-8,0,0,0,-8,0,0,0,0,0,0,0,0,0,0,0,0,0,0,0,0,0,0,0,0,0,0,0,0,0,0,0]} 1. c4 e5 2. Nc3 Nf6 3. Nf3 Nc6 4. e3 Bb4 5. Nd5 e4 6. Ng1 O-O 7. a3 Bd6 8. d3 {A28: English Opening: Four Knights Variation} (8. Ne2 Nxd5 9. cxd5 Ne5 10. Nc3 f5 11. d4 exd3 12. Bxd3 Nxd3+ 13. Qxd3 Be5 14. O-O d6 15. Bd2 Bd7 {1-0 (27) Filippov,V (2639)-Van Wely,L (2651) Tripoli 2004}) 8... exd3 9. Nf3 Ne5 $146 ({Predecessor:} 9... Re8 10. Bxd3 b6 11. O-O Bb7 12. Re1 Ne5 13. Nxe5 Bxe5 14. f4 Bd6 15. b4 Bxd5 16. cxd5 {1-0 (31) Franck,R-Boeven,M Bad Liebenzell 1995}) 10. Nxe5 Bxe5 11. Bxd3 c6 12. f4 Bd4 13. Bc2 cxd5 14. Qxd4 dxc4 15. Qxc4 b5 16. Qxb5 Qc7 17. Bd3 a5 18. Bd2 (18. Qa4 $14) 18... Ba6 19. Qf5 Rfe8 20. O-O Qd6 21. Bxa6 Qxd2 {[%mdl 64] [#] Double Attack} 22. Qd3 Qxe3+ 23. Qxe3 Rxe3 24. Bc4 Rb8 25. Rab1 Kf8 26. Ba2 Rc8 27. Rbc1 Rxc1 28. Rxc1 $11 {[%mdl 4096] Endgame KRB-KRN} Re2 29. Rb1 $1 d5 30. Bb3 Rd2 31. Rd1 Rxb2 32. Bxd5 h5 33. Bc4 Rc2 34. Bb3 Rc3 35. Rd8+ Ke7 36. Rb8 h4 (36... Ne4 {is interesting.} 37. h4 Nc5 38. Bd5 Rxa3 39. Ra8 Kf6) 37. Kf1 Nh5 38. Rb7+ Kd6 39. Bxf7 Nxf4 40. a4 g5 41. Rb5 g4 42. Rxa5 g3 43. hxg3 $1 hxg3 {[%cal Rc3c1] [#]} 44. Ke1 $1 Rc2 (44... Nxg2+ $2 45. Kd2 $19) 45. Rg5 Rxg2 (45... Nxg2+ $2 46. Kf1 $19) 46. Bc4 Rg1+ 47. Bf1 Nd5 (47... g2 $2 48. Rxg2 Nxg2+ 49. Kf2 $19) 48. Ke2 Nc3+ (48... Nf4+ $2 49. Ke1 $19) 49. Kd3 Nd5 50. a5 Rxf1 51. Rxg3 $15 {KRN-KR} Ra1 52. Rg8 Rxa5 53. Rd8+ Ke7 54. Rh8 Ra4 55. Rb8 Kd6 56. Rd8+ Ke5 57. Re8+ Kf5 58. Re1 Nf6 59. Re7 Ne4 60. Re8 Nc5+ 61. Kc3 Ne6 62. Rh8 Ke5 63. Rh5+ Ke4 64. Rh8 Ra7 65. Rc8 Kd5 66. Rh8 Ra3+ 67. Kd2 Rf3 68. Ke2 Ke4 69. Re8 Re3+ 70. Kd2 Kd4 71. Ra8 Rd3+ 72. Ke2 Rh3 73. Re8 Nf4+ 74. Kf2 Nd3+ 75. Kg2 {The position is equal.} Rh5 (75... Rh4 {with more complications.} 76. Rd8+ Kc3 77. Kf3 Kc4 78. Rg8 Kb5) 76. Kf3 Rf5+ 77. Kg4 Rf7 (77... Rb5 {feels hotter.} 78. Kf3 Ne5+ 79. Kg2 Nc6 80. Kg3 Rb2) 78. Ra8 Nf2+ 79. Kg5 Ne4+ 80. Kg4 Nc3 {White must now prevent ...Rf2.} 81. Rd8+ Nd5 82. Ra8 Ne3+ 83. Kg3 Nf5+ (83... Nf1+ {keeps more tension.} 84. Kg2 Ke5 85. Ra5+ Kd6 86. Ra6+ Kc5) 84. Kf4 Ne7+ 85. Kg3 Nc6 86. Ra1 Ne5 {Threatens to win with ...Rf3+.} 87. Ra4+ Ke3 88. Ra3+ Nd3 {aiming for ...Rg7+.} 89. Kg4 Rf4+ 90. Kg5 Rd4 (90... Rf1 {is more complex.} 91. Kg6 Kd4 92. Ra8 Nc5 93. Rh8 Ne6) 91. Kf5 Rb4 {Hoping for ...Kd4.} 92. Ra8 Rb5+ 93. Ke6 Rh5 94. Rg8 Ke4 {Strongly threatening ...Rh6+.} 95. Rg4+ Nf4+ 96. Kd6 Rh6+ 97. Kc5 Kf5 98. Rg8 Rh7 {...Rh1 is the strong threat.} 99. Rf8+ Ke5 {( -> ...Ne6+)} 100. Re8+ Ne6+ 101. Kc4 Rh3 {And now ...Rh4+ would win.} 102. Rg8 Rh4+ 103. Kc3 Nd4 {Accuracy: White = 70%, Black = 61%.} 1/2-1/2

[Event "17th Aeroflot Open-A 2019"]
[Site "Moscow"]
[Date "2019.02.21"]
[Round "2.18"]
[White "Kovalev, Vladislav"]
[Black "Tsydypov, Zhamsaran"]
[Result "1/2-1/2"]
[WhiteElo "2703"]
[BlackElo "2547"]
[Annotator "TA"]
[PlyCount "98"]
[EventDate "2019.02.19"]
[EventCountry "RUS"]
[SourceTitle "playchess.com"]
[Source "ChessBase"]
[SourceQuality "1"]

{[%evp 9,98,23,38,26,29,20,29,27,41,33,27,17,17,12,32,32,30,21,26,30,30,30,43,47,45,59,47,58,49,24,51,44,35,0,0,0,0,0,0,0,0,0,0,-2,0,0,0,0,0,0,0,0,84,84,83,83,101,101,110,95,93,81,87,95,104,99,220,240,226,225,210,103,111,37,37,39,51,44,44,0,8,8,13,0,0,0,13,0,0,0,21]} 1. e4 c5 2. Nf3 d6 3. Bb5+ Nd7 4. O-O a6 5. Bd3 Ngf6 6. Re1 {B51: Sicilian: Moscow Variation (3 Bb5+) without 3...Bd7} g6 7. c3 Bh6 8. Bf1 {White has an edge.} Ne5 9. Nxe5 dxe5 10. a4 Be6 $146 ({Predecessor:} 10... O-O 11. Na3 Be6 12. Nc4 Qc7 {½-½ (45) Karjakin,S (2785)-Salem,A (2656) Doha 2016}) 11. Na3 {[%cal Bb1a3,Ba3c2,Bc2d4][%mdl 32]} Nd7 12. d4 Bxc1 13. Rxc1 cxd4 14. cxd4 exd4 15. Nc2 Ne5 16. Qxd4 Qxd4 17. Nxd4 Bd7 18. Rc7 Rb8 19. b3 g5 20. Rd1 Rg8 21. Nf5 Rg6 22. Rc5 Bxf5 23. Rxe5 Be6 24. b4 Bb3 25. Ra1 $36 {[%mdl 2048] White has some pressure.} Rc8 26. b5 h6 27. h3 Rd6 28. bxa6 bxa6 29. Ra5 Bc4 30. e5 Rdc6 (30... Rb6 $11) 31. Bxc4 $16 {[%mdl 64] Overworked Piece} Rxc4 32. Rxa6 Rc1+ 33. Rxc1 Rxc1+ {[%mdl 4096] Endgame KR-KR} 34. Kh2 e6 35. Ra5 Rc2 36. Kg3 Rc3+ 37. f3 Rc4 (37... Kf8 $16 {was worth a try.}) 38. Ra8+ $1 $18 Ke7 {[#]} 39. a5 $1 Rc5 {[#]} 40. Ra7+ (40. f4 $1 $18 {and the rest is easy.}) 40... Kf8 $16 41. a6 (41. f4 $16) 41... Rxe5 $14 42. Rb7 Ra5 43. a7 Kg7 44. Kf2 {Hoping for Ke3.} Ra3 {The position is equal.} 45. g4 {With the idea Ke2.} Kg6 46. Re7 Kf6 47. Rc7 Kg6 48. Re7 Kf6 49. Rb7 Kg6 {Accuracy: White = 57%, Black = 64%.} 1/2-1/2

[Event "17th Aeroflot Open-A 2019"]
[Site "Moscow"]
[Date "2019.02.21"]
[Round "2.19"]
[White "Abdusattorov, Nodirbek"]
[Black "Nabaty, Tamir"]
[Result "1/2-1/2"]
[WhiteElo "2560"]
[BlackElo "2688"]
[Annotator "TA"]
[PlyCount "104"]
[EventDate "2019.02.19"]
[EventCountry "RUS"]
[SourceTitle "playchess.com"]
[Source "ChessBase"]
[SourceQuality "1"]

{[%evp 17,104,0,0,-5,7,0,39,29,30,27,18,18,17,20,30,0,0,0,0,0,23,0,0,0,0,0,0,0,15,12,18,0,0,0,0,0,0,0,0,0,0,0,0,0,0,0,0,0,8,2,0,5,20,7,8,6,8,0,0,0,0,0,0,0,0,0,0,0,6,0,8,0,0,0,0,0,2,0,0,0,0,0,0,0,0,-6,-6,-6,-6]} 1. e4 e5 2. Nf3 Nc6 3. Nc3 Nf6 4. d4 exd4 5. Nxd4 Bb4 6. Nxc6 bxc6 7. Bd3 O-O 8. O-O d5 9. exd5 cxd5 10. h3 {C47: Scotch Four Knights and Four Knights with 4 g3} c5 (10... c6 11. Qf3 Bd6 12. Bf4 Be6 13. b3 c5 14. Rad1 Bxf4 15. Qxf4 Qa5 16. Qd2 c4 17. Be2 Rac8 18. bxc4 dxc4 {0-1 (28) Morozevich,A (2656)-Mamedyarov,S (2817) St Petersburg 2018}) 11. Bg5 Bb7 $146 ({Predecessor:} 11... Be6 12. a3 Ba5 13. b4 cxb4 14. Nb5 h6 15. Bf4 bxa3 16. Rxa3 Bb6 17. Qa1 Nh5 {0-1 (41) Kriebel,T (2520)-Erdos,V (2627) Batumi 2018}) 12. Qf3 {White is slightly better.} ({Inferior is} 12. Bxf6 Qxf6 13. Be2 Bxc3 $17) 12... h6 13. Bh4 Re8 14. Rfe1 {[#] Threatens to win with Rxe8+.} Qb6 15. Rxe8+ Rxe8 16. Na4 (16. Bxf6 $5 Qxf6 17. Qxf6 gxf6 18. Rd1 $11) 16... Qc6 $1 {White must now prevent ...c4.} 17. Bxf6 {aiming for c3.} c4 18. Bc3 Qxa4 (18... cxd3 {keeps more tension.} 19. cxd3 Qb5 20. Bxb4 Qxb4 21. Qd1 Bc6) 19. Bf1 (19. b3 {is more complex.} Qa3 20. Bxb4 Qxb4 21. Bf1 Qb6 22. Rd1) 19... d4 {The position is equal.} 20. Qxb7 dxc3 21. bxc3 Bxc3 22. Rd1 Qxa2 23. Qc6 Rf8 24. Qxc4 Qxc4 25. Bxc4 $11 {[%mdl 4096] Endgame KRB-KRB} Rc8 26. Bb3 Rc7 27. Rd8+ Kh7 28. g4 g5 29. Kg2 Kg7 30. Kf3 Ba5 31. Rd5 Bb6 32. Rf5 a5 33. Ke2 Ra7 34. Ba4 Ra8 35. f4 gxf4 36. Rxf4 Rd8 37. Bb3 Re8+ 38. Kf1 Re7 39. Rf5 Ra7 40. Ba4 Re7 41. Bb3 Ra7 42. Ba4 Rc7 43. Bb3 Bc5 44. Ke2 Bb4 45. h4 Ra7 46. Ba4 Ra6 47. Bb3 Rf6 48. Rxf6 Kxf6 49. h5 Kg5 50. Bxf7 Kxg4 51. Kd3 a4 52. c3 Be7 {Accuracy: White = 70%, Black = 67%.} 1/2-1/2

[Event "17th Aeroflot Open-A 2019"]
[Site "Moscow"]
[Date "2019.02.21"]
[Round "2.20"]
[White "Korobov, Anton"]
[Black "Karthikeyan, Murali"]
[Result "1-0"]
[WhiteElo "2687"]
[BlackElo "2560"]
[Annotator "TA"]
[PlyCount "109"]
[EventDate "2019.02.19"]
[EventCountry "RUS"]
[SourceTitle "playchess.com"]
[Source "ChessBase"]
[SourceQuality "1"]

{[%evp 27,109,29,37,12,13,0,44,34,47,34,31,36,52,50,65,51,92,97,102,100,115,114,110,108,118,112,109,100,125,133,129,136,194,189,194,205,196,177,213,208,233,229,231,219,224,222,221,222,221,208,269,236,223,183,376,302,295,233,305,244,1404,1376,1244,1254,29964,29967,29967,29968,29968,29968,29968,29967,29972,29972,29975,29976,29976,29977,29977,29978,29981,29982,29989,29982]} 1. d4 Nf6 2. c4 e6 3. Nc3 Bb4 4. e3 O-O 5. Bd3 d5 6. Nf3 c5 7. O-O cxd4 8. exd4 dxc4 9. Bxc4 b6 10. Bg5 Bb7 11. Rc1 Nbd7 12. Re1 Rc8 13. Bd3 Bxc3 14. bxc3 Qc7 15. Qe2 {E54: Nimzo-Indian: Rubinstein: Main Line: 7...dxc4 8 Bxc4} Rfe8 16. Bh4 Qf4 {Strongly threatening ...Bxf3.} (16... Nh5 17. Ng5 g6 18. Nh3 Qd6 19. f3 e5 20. Qb2 exd4 21. cxd4 Rxc1 22. Rxc1 {½-½ (50) Korobov,A (2700)-Wojtaszek,R (2734) Berlin 2015}) 17. Bg3 {White is slightly better.} Qg4 18. Ba6 Bxa6 19. Qxa6 Qf5 20. c4 h6 21. h3 Qa5 $146 ({Predecessor:} 21... Rc6 22. d5 Rc5 23. Nd4 {½-½ (70) Brown,M (2452)-Nguyen,A (2482) Las Vegas 2016}) 22. Qxa5 bxa5 23. Re3 Nb6 {[#]} 24. c5 $1 Nbd5 25. Ra3 Nb4 26. Rxa5 Nc6 27. Rb5 Re7 28. Bd6 Rd7 29. Rc4 Ne4 {[#]} (29... Nd8 $16 {was called for.} 30. Ne5 Rb7 31. Rxb7 Nxb7) 30. Ne5 $1 $18 {[%cal Re5d7]} Rdd8 31. Nxc6 Rxc6 32. Bf4 g5 33. Rb8 Rcc8 34. Rxc8 Rxc8 {[%mdl 4096] Endgame KRB-KRN} 35. f3 Nf6 36. Bd6 Nd5 37. Ra4 Nc3 38. Rxa7 Ne2+ 39. Kf2 Nxd4 40. Ke3 Nb5 $2 (40... Nc6 {keeps fighting.} 41. Ra6 h5) 41. Rb7 Nxd6 42. cxd6 {d7 is the strong threat. KR-KR} Rd8 43. Rb6 Ra8 $2 (43... Kf8 44. a4 Ke8) 44. d7 Kf8 45. Rd6 Ke7 46. d8=Q+ {White mates.} Rxd8 47. Rxd8 Kxd8 {KP-KP} 48. Kd4 Kd7 49. Kc5 h5 50. a4 {[%cal Ba2a4,Ba4a5,Ba5a6][%mdl 32]} f5 51. a5 Kc7 52. a6 e5 53. Kd5 e4 54. fxe4 f4 55. Ke5 {Accuracy: White = 77%, Black = 37%.} 1-0

[Event "17th Aeroflot Open-A 2019"]
[Site "Moscow"]
[Date "2019.02.21"]
[Round "2.21"]
[White "Sjugirov, Sanan"]
[Black "Puranik, Abhimanyu"]
[Result "1-0"]
[WhiteElo "2663"]
[BlackElo "2538"]
[Annotator "TA"]
[PlyCount "85"]
[EventDate "2019.02.19"]
[EventCountry "RUS"]
[SourceTitle "playchess.com"]
[Source "ChessBase"]
[SourceQuality "1"]

{[%evp 16,85,49,32,45,51,74,75,58,0,7,0,0,0,66,65,65,63,110,0,0,0,0,-12,-9,-77,0,-13,-13,-15,-10,-10,-18,-20,-15,-28,2,11,62,50,113,103,381,373,437,431,438,433,438,444,447,432,444,425,454,393,372,252,429,405,443,438,426,432,443,443,567,567,555,555,547,536]} 1. d4 Nf6 2. c4 g6 3. f3 d5 4. cxd5 Nxd5 5. e4 Nb6 6. Nc3 Bg7 7. Be3 O-O 8. Qd2 Nc6 9. O-O-O f5 {D70: Grünfeld: Unusual White 3rd moves (met by ...d5)} (9... Qd6 10. Kb1 Rd8 11. Nb5 Qd7 12. d5 a6 13. Nc3 Qe8 14. Qc1 Na5 15. h4 e6 16. Bf4 Rd7 17. Bh6 Bxh6 18. Qxh6 exd5 {½-½ (35) Aronian,L (2809)-Svidler,P (2749) Geneva 2017}) 10. e5 f4 11. Bxf4 $146 ({Predecessor:} 11. Bf2 Nb4 12. Nh3 Qe8 13. a3 N4d5 14. Ng5 Bh6 15. h4 Bxg5 16. hxg5 Bf5 17. Ne4 {½-½ (61) Harsha,B (2492)-Sutovsky,E (2633) Douglas 2018}) 11... Nb4 {White is better.} 12. Bh6 ({White should try} 12. Bg5 $14) 12... Bf5 $1 $11 13. Bxg7 Kxg7 14. g4 Be6 (14... Bc2 $11 15. Re1 c5) 15. Kb1 $14 Qe8 16. a3 Nc6 $1 17. Ne4 (17. h4 $1 $16) 17... Bg8 $11 18. Nc5 Rd8 19. e6 {Threatens to win with Bb5.} Nxd4 (19... Rxd4 $6 20. Bd3 $16) 20. Ne2 (20. Nxb7 $11 Rd5 21. Qc3) 20... Qc6 ({Black should play} 20... Nxe6 $17 21. Qc3+ Kf7 22. Rxd8 Qxd8 23. Nxe6 Kxe6) 21. Qg5 Nxe6 22. Qxe7+ Bf7 23. Rxd8 Nxd8 24. Qe5+ Kg8 {And now ...Re8 would win.} 25. Ne4 {[%cal Bc5e4,Be4g5,Bg5h7][%mdl 32] Black must now prevent Nd4.} Nd7 26. Qe7 {With the idea N2c3.} Bd5 ({But not} 26... Qd5 $2 27. Qxd7 $1 {[%mdl 512]} (27. N2c3 Qd4 $16) 27... Qxd7 28. Nf6+ Kg7 29. Nxd7 $18) (26... Kg7 $11) 27. N2c3 $36 {[%mdl 2048] White is more active.} Nb6 ({Better is} 27... Bxe4+ $14 28. Nxe4 Qd5) 28. Ng5 {[%csl Gg5][%cal Re7h7]} Nf7 $2 {[%mdl 8192] [#]} (28... Bf7 $16 {was worth a try.}) 29. Nxh7 $1 $18 {[%mdl 512]} Rc8 {[#]} (29... Kxh7 30. Qxf8) 30. Bb5 $1 {[%cal Rb5c6]} ({Weaker is} 30. Nf6+ Kg7 $16) 30... Qd6 31. Nf6+ Kg7 32. Ncxd5 Nxd5 33. Ne8+ Rxe8 34. Qxe8 Ne5 35. f4 Nxg4 36. Bc4 Nge3 $2 (36... Ngf6 37. Qc8 Nb6) 37. Bxd5 Qxd5 38. Qe5+ {White is clearly winning.} Qxe5 39. fxe5 {KR-KN} Ng4 40. Re1 Nxh2 41. e6 {aiming for e7.} Kf8 42. Rh1 Ng4 43. Rh7 {Accuracy: White = 60%, Black = 38%.} 1-0